Boletín de las leyes y de las órdenes y decretos del gobierno: 1849-50

Bewaard in:
Bibliografische gegevens
Formaat: Boek
Taal:Spaans
Gepubliceerd in: Valparaíso Mercurio 1852
Onderwerpen:
Tags: Voeg label toe
Geen labels, Wees de eerste die dit record labelt!

MARC

LEADER 00000nam a2200000 a 4500
001 UCR1570
003 CL-VaPUC
008 971219e18520000CL |||||||||||||||||spa|d
082 0 4 |a 348.022  |b BOL  |2 21 
245 1 0 |a Boletín de las leyes y de las órdenes y decretos del gobierno: 1849-50 
300 |a v 
942 |c BK 
945 |d 19971219 00:00:00  |a lriquelm 
260 |a Valparaíso  |b Mercurio  |c 1852 
650 7 |a DERECHO CHILENO SIGLO 19  |2 CL-VaPUC  |9 398827 
650 0 |a Fuentes del derecho   |9 255162 
583 |a last modification  |c 20160829 10:56:21  |k Rodrigo Vera 
999 |c 264971  |d 264969 
952 |0 0  |1 0  |4 0  |6 348_022000000000000_BOL_1852  |7 0  |8 DER_HDC  |9 295689  |a BIBDER  |b BIBDER  |d 2019-11-20  |h v.17-18  |i 192754K  |o 348.022 BOL 1852  |p 192754K  |r 2023-01-25  |w 2019-11-20  |x Ubicación 4to Piso  |y BK_X  |z Estos recursos deben solicitarse con anticipación  |k DER